000 01264nam0a22002411 4500
001 rc\841454
005 20260406124751.0
035 _a(NLR Aleph) 006022771
090 _a7445411
_c7445411
100 _a20041129d1983 |||y0rusy50 ca
101 0 _arus
102 _aRU
105 _ay |||||||||
200 1 _aМетодические рекомендации по использованию метода индуцированного мутагенеза в селекции зернобобовых культур
_fВАСХНИЛ, Совет по науч.-метод. руководству селекцентрами при Президиуме ВАСХНИЛ, НИИ сел. хоз-ва центр. р-нов Нечернозем. зоны
_g[Подгот. Г.А. Дебелым, П.П. Бережным]
210 _aМ.
_cВАСХНИЛ
_d1983 (вып. дан. 1984)
215 _a20 с.
_d20
702 1 _aДебелый
_bГ.А.
_gГеннадий Андреевич
_4570
712 0 2 _aВАСХНИЛ
_bСовет по науч.-метод. руководству селекционными центрами
_3RU\NLR\AUTH\8817733
_9308697
801 0 _aRU
_bNLR
_gpsbo
801 1 _aRU
_bELAR
_2rusmarc
852 _aNLR
_j84-4/15109
942 _cBOOK
980 _aNB